Cambridge journal of economics

Salvato in:
Dettagli Bibliografici
Natura: Periodico
Lingua:inglese
Pubblicazione: Orlando Academic Press 1995
Soggetti:
Tags: Aggiungi Tag
Nessun Tag, puoi essere il primo ad aggiungerne!!

MARC

LEADER 00000nas2a2200000 4500
001 s102199
005 20221221065730.1
022 |a 0309-166X 
041 0 |a eng 
044 |a GB 
245 1 0 |a Cambridge journal of economics 
264 1 |a Orlando  |b Academic Press  |c 1995 
300 |a 1 zv. 
773 0 |w eu_un_cat*s120101 
610 2 0 |a teórie ekonomické 
610 2 0 |a analýza ekonomická